Statistiques concernant Incollable #18 - Découverte du monde

Cliquez ici pour prendre le quiz!

Statistiques générales

  • Ce quiz a été pris 471 fois
  • Le résultat moyen est 9 sur 12

Statistiques - réponses

NiveauxQuestionsRéponses% Correct
CM2Quelle est l’unité de base de durée du Système International ?La seconde
100%
CPLequel des cinq sens donne la saveur des aliments ?Le goût
100%
CE1Sur un planisphère quel continent se situe juste au Sud de l’Europe ?L’Afrique
96%
CE1Comment appelle-t-on la pluie lorsqu’elle tombe sous la forme de petits glaçons ?La grêle
95%
CM1Combien de temps faut-il à la Terre pour tourner autour du Soleil ?Une année | 365 jours et un peu plus de 6 heures
90%
CE2Quels sont les deux grands pays séparés par les Pyrénées ?La France et l’Espagne
87%
CollègeDans quelle capitale européenne se trouve la colline de l’Acropole ?À Athènes
83%
CollègeComment appelle-t-on les habitants de Madagascar ?Les Malgaches
83%
CPPar quoi sont séparée deux montagnes ?Par une vallée
65%
LycéeComment appelle-t-on un lac écossais ?Un loch
55%
LycéeÀ quel archipel appartiennent les îles de São Vicente, Santiago, Fogo et Santo Antão ?Le Cap-Vert
21%
CM2Quelle plante n’a ni tiges, ni feuilles, ni fleurs, ni chlorophylle ?Le champignon
20%

Distribution des résultats

Percentile par nombre de réponses

% des personnes avec chaque résultat

Votre développement - résultats

Vous n’avez pas pris ce quiz